Emerge una nueva potencia: India
Uloženo v:
| Médium: | Kniha |
|---|---|
| Jazyk: | španělština |
| Vydáno: |
Santiago, Chile
Aún Creemos en los Sueños
2007
|
| Edice: | Le Monde Diplomatique
|
| Témata: | |
| Tagy: |
Přidat tag
Žádné tagy, Buďte první, kdo vytvoří štítek k tomuto záznamu!
|
MARC
| LEADER | 00000nam a2200000 a 4500 | ||
|---|---|---|---|
| 001 | UCI1380 | ||
| 003 | CL-VaPUC | ||
| 005 | 20200408122443.0 | ||
| 008 | 070629e20070000CL |||||||||||||||||spa|d | ||
| 999 | |c 326207 |d 326205 | ||
| 020 | |a 9789568134594 | ||
| 040 | |c Pontificia Universidad Católica de Valparaíso | ||
| 082 | 0 | 4 | |a 954.04 EME 2007 |2 21 |
| 245 | 1 | 0 | |a Emerge una nueva potencia: India |
| 260 | |a Santiago, Chile |b Aún Creemos en los Sueños |c 2007 | ||
| 300 | |a 62 páginas | ||
| 490 | 0 | |a Le Monde Diplomatique | |
| 583 | |a last modification |c 20160913 09:17:29 |k Rodrigo Vera | ||
| 650 | 7 | |a HISTORIA CONTEMPORANEA |2 CL-VaPUC |9 521860 |y SIGLO 20 |z INDIA | |
| 650 | 7 | |a SITUACION SOCIAL |2 CL-VaPUC |9 399010 |z INDIA | |
| 650 | 7 | |a SITUACION POLITICA |2 CL-VaPUC |9 399012 |z INDIA | |
| 942 | |c BK |2 ddc | ||
| 945 | |d 20070629 00:00:00 |a jtorresc | ||
| 952 | |0 0 |1 0 |2 ddc |4 0 |6 954_040000000000000_EME_2007 |7 0 |8 A |9 407970 |a BIBHIS |b BIBHIS |d 2019-11-22 |i 435138K |l 2 |m 2 |o 954.04 EME 2007 |p 435138K |r 2025-01-20 |s 2024-10-09 |t 1 |w 2019-11-22 |y BK |k HIS | ||
| 952 | |0 0 |1 0 |2 ddc |4 0 |6 954_040000000000000_EME_2007 |7 0 |8 A |9 407971 |a BIBHIS |b BIBHIS |d 2019-11-22 |i 4485920 |o 954.04 EME 2007 |p 4485920 |r 2025-01-20 |t 2 |w 2019-11-22 |y BK |k HIS | ||